| 000 | 00743nam a2200193 a 4500 | ||
|---|---|---|---|
| 003 | 0 | ||
| 005 | 20250311143038.0 | ||
| 008 | 090709s19uu xx 00 eng d | ||
| 050 |
_aPHS BF 724.3.P4 _b.Ed24 2009 |
||
| 100 | _aEdrozo, Patrick. | ||
| 245 |
_aPeer pressure and music genre preferences of grade 11 students / _cPatrick Edrozo. |
||
| 260 |
_aLas PiƱas City, Philippines : _bSouthville International School and Colleges, _c2009. |
||
| 300 |
_a25 pages : _billustrations ; _c28 cm. |
||
| 504 | _aIncludes bibliographical references. | ||
| 650 |
_aPeer pressure in adolescence _xCase studies. |
||
| 650 |
_aMusic preferences _xPsychological aspects _vCase studies. |
||
| 650 |
_aMusic _xSocial aspects _vCase studies. |
||
| 942 |
_2lcc _cPASS |
||
| 999 |
_c98238 _d98238 |
||